Mujer, paz y seguridad: implementación de la resolución 1325 del Consejo de Seguridad en Chile
Enregistré dans:
| Auteur principal: | |
|---|---|
| Format: | Livre |
| Langue: | espagnol |
| Publié: |
Santiago
Academia Nacional de Estudios y Estratégicos
2015
|
| Édition: | 1a. ed |
| Collection: | Colección de Investigaciones, 36
|
| Sujets: | |
| Tags: |
Ajouter un tag
Pas de tags, Soyez le premier à ajouter un tag!
|
MARC
| LEADER | 00000cam a2200000 a 4500 | ||
|---|---|---|---|
| 001 | UCC2987 | ||
| 003 | CL-VaPUC | ||
| 008 | 180329e20151100cl |||||||||||||||||spa|d | ||
| 020 | |a 9789568478001 | ||
| 082 | 0 | 4 | |a 323.34 |b SAU |2 21 |
| 100 | 0 | |a Sauterel Gajardo, Maricel |e author |9 596997 | |
| 245 | 1 | 0 | |a Mujer, paz y seguridad: implementación de la resolución 1325 del Consejo de Seguridad en Chile |
| 250 | |a 1a. ed | ||
| 300 | |a 165 p | ||
| 942 | |c BK | ||
| 945 | |d 20180329 11:34:00 |a arojas | ||
| 260 | |a Santiago |b Academia Nacional de Estudios y Estratégicos |c 2015 | ||
| 650 | 0 | |a Mujeres en la política |9 321357 | |
| 650 | 0 | |a Derechos de la mujer |9 257074 | |
| 650 | 7 | |a PARTICIPACION POLITICA |2 CL-VaPUC |9 596998 | |
| 650 | 0 | |a Participación social |9 256140 | |
| 583 | |a last modification |c 20180329 11:34:00 |k Rodrigo Vera | ||
| 490 | 0 | |a Colección de Investigaciones, 36 | |
| 999 | |c 370862 |d 370860 | ||
| 952 | |0 0 |1 0 |3 erb |4 0 |6 323_340000000000000_SAU_2015 |7 0 |8 A |9 487550 |a BIBHIS |b BIBHIS |i 5460484 |o 323.34 SAU 2015 |p 5460484 |r 2025-01-20 |w 2019-11-24 |y BK |z Catalogado en:20180329 |k HIS | ||